Processing effects on safety and quality of foods
Na minha lista:
| Outros Autores: | |
|---|---|
| Formato: | Livro |
| Idioma: | inglês |
| Publicado em: |
Boca Ratón
CRC Press
2010
|
| Colecção: | Contemporary Food Engineering Series
|
| Assuntos: | |
| Tags: |
Adicionar Tag
Sem tags, seja o primeiro a adicionar uma tag!
|
MARC
| LEADER | 00000cam a2200000 a 4500 | ||
|---|---|---|---|
| 001 | UCG8740 | ||
| 003 | CL-VaPUC | ||
| 008 | 111229e20100000US |||||||||||||||||eng|d | ||
| 020 | |a 9781420061123 | ||
| 082 | 0 | 4 | |a 664.02 |b ORT |2 21 |
| 100 | |a Ortega-Rivas, Enrique |e editor |9 559889 | ||
| 245 | 1 | 0 | |a Processing effects on safety and quality of foods |
| 300 | |a 572 p | ||
| 942 | |c BK | ||
| 945 | |d 20111229 00:00:00 |a cmena | ||
| 260 | |a Boca Ratón |b CRC Press |c 2010 | ||
| 650 | 0 | |a Alimentos |9 256203 | |
| 650 | 0 | |a Industria alimentaria |9 331702 | |
| 650 | 0 | |a Control de calidad |9 259714 | |
| 650 | 0 | |a Calidad de los alimentos |9 361947 | |
| 583 | |a last modification |c 20111229 10:48:00 |k Rodrigo Vera | ||
| 490 | 0 | |a Contemporary Food Engineering Series | |
| 999 | |c 346338 |d 346336 | ||
| 952 | |0 0 |1 0 |4 0 |6 664_020000000000000_ORT_2010 |7 0 |8 A |9 447001 |a BIBALI |b BIBALI |c GEN |d 2019-11-22 |i 4830113 |o 664.02 ORT 2010 |p 4830113 |r 2025-01-20 |w 2019-11-22 |y BK |k ALI | ||